KOHA-Header-6

Managining Engineering and Technology (Record no. 340)

000 -LEADER
fixed length control field 00325nam a2200121Ia 4500
008 - FIXED-LENGTH DATA ELEMENTS--GENERAL INFORMATION
fixed length control field 190722s9999 xx 000 0 und d
020 ## - INTERNATIONAL STANDARD BOOK NUMBER
International Standard Book Number 978-93-325-5012-4
100 ## - MAIN ENTRY--PERSONAL NAME
Personal name Morse, Babcock
245 #0 - TITLE STATEMENT
Title Managining Engineering and Technology
260 ## - PUBLICATION, DISTRIBUTION, ETC. (IMPRINT)
Place of publication, distribution, etc India
Name of publisher, distributor, etc Pearson India Education Services
Date of publication, distribution, etc 2015
300 ## - PHYSICAL DESCRIPTION
Extent 487
942 ## - ADDED ENTRY ELEMENTS (KOHA)
Koha item type Books
Holdings
Withdrawn status Lost status Source of classification or shelving scheme Damaged status Not for loan Collection code Permanent Location Current Location Shelving location Date acquired Full call number Barcode Date last seen Price effective from Koha item type
          Computer Science MAJU MAJU Shelf No.A32 2019-07-22 620 6966 2019-07-22 2019-07-22 Computer Science

Powered by Koha